Neophilologus

Bibliographic Details
Format: Electronic Journal
Language:English
Published: Dordrecht : Kluwer Academic Publishers, 1916-
[Dordrecht] : Springer Netherlands
Subjects:
Online Access:Full text available from Research Library: 01/01/1997 to 1 year ago

MARC

LEADER 00000nas a2200000 a 4500
001 ssj0002868
003 WaSeSS
005 20200512172242.0
006 m d
007 cr n
008 990729c19169999ne qr p s 0 a0eng c
010 |a  2004233057 
016 7 |a 2019538-2  |2 DE-600 
022 |a 1572-8668  |l 0028-2677  |y 0028-2677 
035 |a (WaSeSS)ssj0002868 
040 |a F#A  |b eng  |e pn  |c F#A  |d OCLCQ  |d GUA  |d OCLCQ  |d U9S  |d MYG  |d GUA  |d OCLCQ  |d OCLCF  |d OCLCO  |d OCLCQ  |d AU@  |d VT2  |d NJT  |d DLC  |d WaSeSS 
042 |a pcc 
050 0 0 |a PB5 
082 0 4 |a 410 
130 0 |a Neophilologus (Online) 
210 0 |a Neophilologus  |b (Dordr., Online) 
222 0 |a Neophilologus  |b (Dordrecht. Online) 
245 1 0 |a Neophilologus  |h [electronic resource]. 
260 |a Dordrecht :  |b Kluwer Academic Publishers,  |c 1916- 
260 3 |3 <2005-> :  |a [Dordrecht] :  |b Springer Netherlands 
310 |a Four no. a year 
321 |a Annual 
362 1 |a Began with: Vol. 1, issue 1 (Dec. 1916). 
500 |a "An international journal of modern and mediaeval language and literature." 
506 |a License restrictions may limit access. 
588 |a Description based on: Vol. 1, issue 1 (Dec. 1916); title from journal contents page (SpringerLink, viewed Oct. 28, 2009). 
588 |a Latest issue consulted: Vol. 103, issue 4 (Oct. 2019) (SpringerLink, viewed Feb. 15, 2020). 
650 0 |a Philology, Modern  |v Periodicals. 
650 6 |a Philologie  |x Périodiques. 
650 6 |a Philologie médiévale  |x Périodiques. 
650 7 |a Philology, Modern.  |2 fast  |0 (OCoLC)fst01060716 
655 0 |a Electronic journals. 
776 0 8 |i Print version:  |t Neophilologus  |x 0028-2677  |w (DLC) 47043048  |w (OCoLC)1759615 
850 |a DLC 
856 4 0 |z Full text available from Research Library: 01/01/1997 to 1 year ago  |u https://search.proquest.com/publication/45045